Die Appretur der Baumwollgewebe, gefarbten und bedruckten Baum-wollgewebe zu appretieren

Podrobná bibliografie
Hlavní autor: Depierre J. Joseph
Jazyk:němčina
Vydáno: Wien, Druck und Verlag von Karl Gerolds Sohn, 1905
Vydání:2 auflage
Témata:
Médium: MixedMaterials Kniha
KOHA link:https://koha.lib.tpu.ru/cgi-bin/koha/opac-detail.pl?biblionumber=236327

MARC

LEADER 00000nam0a2200000 4500
001 236327
005 20231031204652.0
035 |a (RuTPU)RU\TPU\book\257487 
090 |a 236327 
100 |a 20130422d1905 km y0rusy50 ca 
101 0 |a ger 
102 |a AT 
105 |a a z 001zy 
200 1 |a Die Appretur der Baumwollgewebe, gefarbten und bedruckten Baum-wollgewebe zu appretieren  |f J. Depierre 
205 |a 2 auflage 
210 |a Wien  |c Druck und Verlag von Karl Gerolds Sohn  |d 1905 
215 |a 418 s.  |c il. 
320 |a Verzeichnis der Autorinnen und Autoren: s.: 414-418. 
606 1 |a Текстильные материалы  |x Отделка  |2 stltpush  |3 (RuTPU)RU\TPU\subj\58757 
610 1 |a ткани 
610 1 |a хлопок 
610 1 |a белые ткани 
610 1 |a набивные ткани 
610 1 |a оборудование 
610 1 |a технология 
610 1 |a немецкий язык 
675 |a 677.027  |v 3 
700 1 |a Depierre  |b J.  |g Joseph 
801 1 |a RU  |b 63413507  |c 20130422 
801 2 |a RU  |b 63413507  |c 20130423  |g RCR 
942 |c BK